[Event "BEL-ch U16"]
[Site "Worriken Buetgenbach"]
[Date "2004.04.10"]
[Round "8.12"]
[White "George, Maxime"]
[Black "Schumacher, Pascal"]
[Result "1/2-1/2"]
[WhiteElo "1282"]
[BlackElo "1254"]
[PlyCount "28"]
[EventDate "2004.04.03"]
[EventType "swiss"]
[EventRounds "9"]
[EventCountry "BEL"]
[SourceTitle "EXT 2006"]
[Source "ChessBase"]
[SourceDate "2005.11.24"]
[SourceVersion "1"]
[SourceVersionDate "2005.11.24"]
[SourceQuality "1"]

1. c4 e6 2. Nc3 d5 3. cxd5 exd5 4. d4 Nf6 5. Bg5 Be7 6. e3 Nbd7 7. Nf3 0-0 8. Bd3 c6 9. 0-0 Re8 10. Bc2 Nf8 11. Ne5 N6d7 12. Bxe7 Qxe7 13. Nxd7 Bxd7 14. Re1 Qg5 1/2-1/2

[Event "BEL-ch U16"]
[Site "Worriken Buetgenbach"]
[Date "2004.04.08"]
[Round "6.12"]
[White "De Bisscop, Maxim"]
[Black "Schumacher, Pascal"]
[Result "1-0"]
[WhiteElo "1444"]
[BlackElo "1254"]
[PlyCount "91"]
[EventDate "2004.04.03"]
[EventType "swiss"]
[EventRounds "9"]
[EventCountry "BEL"]
[SourceTitle "EXT 2006"]
[Source "ChessBase"]
[SourceDate "2005.11.24"]
[SourceVersion "1"]
[SourceVersionDate "2005.11.24"]
[SourceQuality "1"]

1. c4 e6 2. Nc3 Nf6 3. g3 d5 4. cxd5 exd5 5. Bg2 Be7 6. Nf3 0-0 7. d4 c6 8. Qc2 Nbd7 9. h4 Re8 10. Bg5 Bd6 11. Bxf6 Nxf6 12. 0-0-0 b5 13. Ng5 Bb4 14. e3 Qa5 15. h5 Bxc3 16. bxc3 Rb8 17. h6 g6 18. Kd2 b4 19. Rb1 bxc3+ 20. Qxc3 Qxa2+ 21. Qc2 Qxc2+ 22. Kxc2 Bf5+ 23. e4 Nxe4 24. Nxe4 Bxe4+ 25. Bxe4 dxe4 26. Rhe1 f5 27. Ra1 Rb7 28. Ra6 Rc8 29. Rea1 Rcc7 30. Kc3 Kf7 31. Kc4 Ke6 32. R1a5 Kd6 33. Rd5+ Ke7 34. Rda5 Kf6 35. d5 Ke7 36. dxc6 Kd6 37. Rd5+ Ke6 38. Rd2 Rb6 39. Rda2 Rc8 40. Kc5 Ke5 41. Rd2 Ke6 42. Rd6+ Ke7 43. Kd5 Rd8 44. Rxd8 Kxd8 45. Kd6 Kc8 46. Ra5 1-0